000 00928nam0a2200301 4500
001 RU\NLR\bibl\30314
005 20250615022222.0
010 _a5-85044-157-3
_924000
021 _aRU
_b98-30265
_91435
035 _a(NLR Aleph) 000029519
090 _a146357
_c146357
100 _a19990528d1997 |||y0rusy50 ca
101 0 _arus
102 _aRU
105 _a|||||||||||||
200 1 _aЗолушка
_eКнижка-игра с наклейками
_e[Для детей старше 3 лет]
_fWalt Disney
210 _aМ.
_cЭГМОНТ Россия
_d1997
215 _a[8] с., [2] л. цв. ил.
_cцв. ил.
_d29
225 1 _aНаряди принцессу
686 _aШ99
700 1 _aДисней
_bУ.
_f1901-1966
_gУолт
_4070
801 0 _aRU
_bNLR
_c19990528
_gPSBO
801 1 _aRU
_bNLR
_c19990528
852 _aNLR
_j99-8/754
942 _cBOOK
980 _aNB